Manual de Contabilidad / (Record no. 78176)

MARC details
000 -LEADER
campo de control de longitud fija 00619nam a2200181 i 4500
001 - NÚMERO DE CONTROL
campo de control 78176
003 - IDENTIFICADOR DE NÚMERO DE CONTROL
campo de control ES-MaACL
005 - FECHA Y HORA DE LA ÚLTIMA TRANSACCIÓN
campo de control 20230906173557.0
007 - CAMPO FIJO DE DESCRIPCIÓN FÍSICA--INFORMACIÓN GENERAL
campo de control de longitud fija t|
008 - DATOS DE LONGITUD FIJA--INFORMACIÓN GENERAL
campo de control de longitud fija 041011s1960 sp ||||1| spa d
100 1# - ENTRADA PRINCIPAL--NOMBRE DE PERSONA
Nombre de persona Hansen, Palle.
9 (RLIN) 61769
245 10 - MENCIÓN DEL TÍTULO
Título Manual de Contabilidad /
Mención de responsabilidad, etc. Palle Hansen ; traducción del danés por Arne Koefoed ; revisión y notas a la edición española Armando Suárez Franck.
260 ## - PUBLICACIÓN, DISTRIBUCIÓN, ETC.
Lugar de publicación, distribución, etc. Madrid :
Nombre del editor, distribuidor, etc. Aguilar,
Fecha de publicación, distribución, etc. 1960.
300 ## - DESCRIPCIÓN FÍSICA
Extensión XXIV, 1142 p. :
Otras características físicas il. ;
Dimensiones 25 cm.
700 1# - ENTRADA AGREGADA--NOMBRE PERSONAL
Nombre de persona Suárez Franck, Armando.
9 (RLIN) 108620
700 1# - ENTRADA AGREGADA--NOMBRE PERSONAL
Nombre de persona Koefoed, Arne.
9 (RLIN) 68430
852 ## - LOCALIZACIÓN
Ubicación ES-MaACL
Número de control de estantería C-18382
Sublocalización o colección R.46115
Holdings
Estatus retirado Estado de pérdida Estado de daño No para préstamo Biblioteca de origen Biblioteca actual Ubicación en estantería Fecha de adquisición Fuente de adquisición Total de préstamos Signatura topográfica completa Código de barras Visto por última vez Precio de reemplazo Tipo de ítem Koha
        Biblioteca del Ateneo de Madrid Biblioteca del Ateneo de Madrid Galería 17/01/2008     C-18382 1081779 23/02/2023 23/02/2023 Libro impreso